| 000 | 00700nam a22001815i 4500 | ||
|---|---|---|---|
| 001 | 156466 | ||
| 003 | ES-MaACL | ||
| 005 | 20230906210421.0 | ||
| 008 | 000802s1896 sp |||| | spa d | ||
| 040 |
_aAR _bspa _cAR |
||
| 100 | 1 |
_aJoven Gascón, Manuel. _9128376 |
|
| 245 | 1 | 0 |
_aGuía de Zaragoza y su provincia para 1896 á 1897 / _cpor Manuel Joven Gascón. |
| 260 |
_aZaragoza : _b[s.n.], _c1896 ( _fTipografía "La Derecha") |
||
| 300 |
_a608 p ; _c17 cm. |
||
| 594 | 1 | _aPrecede al tít. : Duodécimo año de publicación. | |
| 651 | 4 |
_aZaragoza (Provincia)- _xDescripción. _9153458 |
|
| 852 |
_aES-MaACL _jT-751-F-3 _z-- Enc. hol., conservando la enc. editorial _z-- Enc. en un vol. facticio |
||
| 999 |
_c156466 _d156466 |
||